Сборник научных трудов Академии гражданской авиации. Проблемы эксплуатации и совершенствования транспортных систем (Запись № 4076853)
[ простой вид ]
| 000 -МАРКЕР | |
|---|---|
| контрольное поле | 02573nas2a22003131i 4500 |
| 001 - ИДЕНТИФИКАТОР ЗАПИСИ | |
| контрольное поле | RU\NLR\IC100\5000002589 |
| 005 - ИДЕНТИФИКАТОР ВЕРСИИ | |
| контрольное поле | 20241212172627.0 |
| 035 ## - ДРУГИЕ СИСТЕМНЫЕ НОМЕРА | |
| Идентификатор записи | (NLR Aleph) 002284842 |
| 100 ## - ДАННЫЕ ОБЩЕЙ ОБРАБОТКИ | |
| Данные общей обработки | 20051114b20012005|||y0rusy50 ca |
| 101 0# - ЯЗЫК РЕСУРСА | |
| Язык текста, звукозаписи и т.д. | русский |
| 102 ## - СТРАНА ПУБЛИКАЦИИ ИЛИ ПРОИЗВОДСТВА | |
| Страна публикации | Российская Федерация |
| 110 ## - ПОЛЕ КОДИРОВАННЫХ ДАННЫХ: ПРОДОЛЖАЮЩИЕСЯ РЕСУРСЫ | |
| Кодированные данные продолжающегося ресурса | zyuzz 0|y| |
| 200 1# - ЗАГЛАВИЕ И СВЕДЕНИЯ ОБ ОТВЕТСТВЕННОСТИ | |
| Основное заглавие | Проблемы эксплуатации и совершенствования транспортных систем |
| Сведения, относящиеся к заглавию | Межвуз. сб. науч. тр. |
| 210 ## - ПУБЛИКАЦИЯ, РАСПРОСТРАНЕНИЕ И ДР. | |
| Место издания, распространения и т.д. | СПб. |
| Имя издателя, распространителя и т. д. | Акад. ГА |
| Дата издания, распространения и т.д. | 2001 - 2005 |
| 225 2# - СЕРИЯ | |
| Основное заглавие серии | Сборник научных трудов Академии гражданской авиации |
| Сведения об ответственности | Акад. гражд. авиации |
| Обозначение тома | ... |
| 311 ## - ПРИМЕЧАНИЯ, ОТНОСЯЩИЕСЯ К ПОЛЯМ СВЯЗИ (ПРИМЕЧАНИЯ О СВЯЗИ С ДРУГИМИ ПРОИЗВЕДЕНИЯМИ (ИЗДАНИЯМИ)) | |
| Текст примечания | Вып. 4 (1999) - 5 (2000) вышли вне серии под загл.: Проблемы эксплуатации и совершенствования авиационной техники и систем воздушного транспорта (шифр П10/3741) |
| 430 #0 - ПРОДОЛЖЕН | |
| Встроенное поле | 001RU\NLR\INFOCOMM18\1000117841 |
| -- | 2001#$aПроблемы эксплуатации и совершенствования авиационной техники и систем воздушного транспорта |
| Системный номер (АБИС) связанной записи | 3694114 |
| Место публикации | СПб. |
| Дата публикации | 1999 - 2000 |
| Первые сведения об ответственности | Акад. гражд. авиации |
| Сведения, относящиеся к заглавию | Межвуз. сб. науч. тр. |
| Заглавие | Проблемы эксплуатации и совершенствования авиационной техники и систем воздушного транспорта |
| 461 #0 - УРОВЕНЬ НАБОРА | |
| Встроенное поле | 001RU\NLR\INFOCOMM6\1000360258 |
| -- | 2001#$aСборник научных трудов Академии гражданской авиации$fАкад. гражд. авиации |
| Системный номер (АБИС) связанной записи | 3975208 |
| Автор | Академия гражданской авиации (Санкт-Петербург) |
| Место публикации | СПб. |
| Дата публикации | 1957 - 2005 |
| Первые сведения об ответственности | Акад. гражд. авиации |
| Имя издателя, распространителя и т.д. | Акад. ГА |
| Заглавие | Сборник научных трудов Академии гражданской авиации |
| 801 #2 - ИСТОЧНИК ЗАПИСИ | |
| Страна | Российская Федерация |
| Организация | NLR |
| Дата составления | 20070205 |
| Источник данных | rusmarc |
| 801 #1 - ИСТОЧНИК ЗАПИСИ | |
| Страна | Российская Федерация |
| Организация | InfoComm |
| Дата составления | 20051114 |
| 801 #0 - ИСТОЧНИК ЗАПИСИ | |
| Страна | Российская Федерация |
| Организация | NLR |
| Правила каталогизации | PSBO |
| 852 ## - МЕСТОНАХОЖДЕНИЕ И ШИФР ХРАНЕНИЯ | |
| Идентификатор организации | NLR |
| Шифр хранения (Call Number) | П10/1964 |
| 942 ## - ДОПОЛНИТЕЛЬНЫЕ ЭЛЕМЕНТЫ ЗАПИСИ (АБИС) | |
| Тип экземпляра АБИС | Продолжающееся издание |
| 980 ## - КОЛЛЕКЦИЯ | |
| Название коллекции | Русская периодика |
Нет доступных экземпляров.